| 000 | 00796nam a22002177a 4500 | ||
|---|---|---|---|
| 999 |
_c10751 _d10751 |
||
| 003 | AR-CdUCM | ||
| 008 | 190401b ||||| |||| 00| 0 spa d | ||
| 040 |
_aMUNICIPALIDAD PROVINCIAL DEL CUSCO _cBIBLIOTECA MUNICIPAL DEL CUSCO |
||
| 082 |
_a985 / _bL39 / 1939 |
||
| 100 |
_aLeguía, Jorge Guillermo _926229 |
||
| 245 | _aEstudios históricos / | ||
| 260 |
_aSantiago de Chile : _bErcilla, _c1939. |
||
| 300 |
_a214 páginas ; _c22 cm. |
||
| 440 |
_aColección América ; _923419 |
||
| 505 | _aContenido: Biografía de Don Benito Laso -- El apostolado de Vigil -- Don Bartolome Herrera -- Las ideas de 1848 en el Perú -- Los ascendientes de Don José Galvez ... | ||
| 650 |
_aHistoria _9136 |
||
| 650 |
_aBiografía _922 |
||
| 650 |
_aPeruanos _927760 |
||
| 942 |
_2ddc _cLIBROS |
||
| 945 | _aacv | ||